The Cambridge history of Renaissance philosophy.

Saved in:
Bibliografiske detaljer
Andre forfattere: Schmitt, Charles B. (Editor), Skinner, Quentin (Editor), Kessler, Eckhard (Editor), Kraye, Jill (associate editor)
Format: Bog
Udgivet: Cambridge, USA: Cambridge University Press, 1988.
Udgivelse:First published
Fag:
Tags: Tilføj Tag
Ingen Tags, Vær først til at tagge denne postø!

MARC

LEADER 00000nam a22000007a 4500
003 CL-VaPUC
005 20220822114633.0
008 220715t1988 ||||| |||| 00| 0 eng d
999 |c 437133  |d 437131 
020 |a 9780521397483 
040 |c Pontificia Universidad Católica de Valparaíso 
082 7 |a 190 SMI 1988  |2 22 
100 1 |a Schmitt, Charles B.  |e editor  |9 873052 
245 |a The Cambridge history of Renaissance philosophy. 
250 |a First published 
260 |a Cambridge, USA:  |b Cambridge University Press,  |c 1988. 
300 |a 968 páginas. 
500 |a c.1 Donación Familia Prof. Alejandro Guzmán Brito. 
583 |c 20220715  |k Catalogador Asistente 
650 |a Filosofía del renacimiento   |9 869330 
700 |a Skinner, Quentin   |e editor  |9 873053 
700 |a Kessler, Eckhard   |e editor  |9 873054 
700 |a Kraye, Jill  |e associate editor  |9 873055 
942 |2 ddc  |c BK  |n 0 
952 |0 0  |1 0  |2 ddc  |4 0  |6 190_000000000000000_SMI_1988  |7 0  |8 C_AGB  |9 584882  |a BIBDER  |b BIBDER  |d 2022-07-15  |e Donación  |i 5652992  |o 190 SMI 1988  |p 5652992  |r 2023-01-25  |t 1  |w 2022-07-15  |y BK_US  |k AGB